| 000 | 00557nam a2200193Ia 4500 | ||
|---|---|---|---|
| 005 | 20250508164528.0 | ||
| 008 | 008 250505s9999 xx 000 0 eng d | ||
| 020 | _a81-7450-360-9 | ||
| 037 | _aPeriodicals | ||
| 040 |
_aFEDL _beng _cFEDL |
||
| 041 |
_aeng _2eng |
||
| 084 |
_a370.1, KRI _qFEDL |
||
| 245 | 0 | _aJournal of the Krishnamurti schools | |
| 245 | 0 | _cKrishnamurti Foundation India | |
| 546 | _aAcc Nos.083240 to 242 are MACESE books | ||
| 650 | _aEducational philosophy | ||
| 942 |
_cCR _h370.1, KRI |
||
| 999 |
_c1389614 _d1389614 |
||